02054cam a22003015a 45000010009000000050017000090080041000260200038000670400039001050820024001441000028001682450100001962460045002962500012003412600043003533000035003965000024004315040041004555050808004966500037013046510010013416530034013517000022013859420024014079990017014319520144014489520160015921753943320151019112425.0121121t2014 moua frb 001 0 eng d a9780323096065 (pbk. : alk. paper) aDNLM/DLCbengcDLCdDLCdEG-ScBUE 04a618.970231bTOU2221 aTouhy, Theris A.93845110aEbersole and Hess' gerontological nursing & healthy aging /cTheris A. Touhy, Kathleen F. Jett.30aGerontological nursing and healthy aging a4th ed. aMissouri :bElsevier / Mosby,cc.2014. axiii, 436 p. :bill. ;c24 cm. aIndex : p. 421-436. aIncludes bibliographical references.0 aIntroduction to healthy aging -- Gerontological nursing history, education, and roles -- Care across the continuum -- Culture and aging -- Theories of aging and physical changes -- Social, psychological, spiritual, and cognitive aspects of aging -- Assessment and documentation for optimal care -- Safe medication use -- Nutrition and hydration -- Elimination -- Rest, sleep, and activity -- Promoting healthy skin and feet -- Promoting safety -- Living with chronic illness -- Pain and comfort -- Diseases affecting vision and hearing -- Metabolic disorders -- Bone and joint problems -- Cardiovascular and respiratory disorders -- Neurological disorders -- Cognitive impairment -- Mental health -- Economic and legal issues -- Relationships, roles, and transitions -- Loss, death, and palliative care. 7aGeriatric nursing.2BUEsh928906 2BUEsh bNNURcJune2015cSeptember20151 aJett, Kathleen F. 2ddck618.970231 TOU c19682d19654 00102ddc40708AlahramaMAINbMAINc1STd2015-06-16ePurchaseg543.00h324l0o618.970231 TOUp000038616r2025-07-15 00:00:00v678.75yBB 00102ddc40708AlahramaMAINbMAINc1STd2015-06-16ePurchaseg543.00h324l1m14o618.970231 TOUp000038601r2025-07-15 00:00:00s2017-02-15v678.75yBB